000 00945nam a22002537a 4500
999 _c19171
_d19171
003 AR-CdUCM
008 190516b ||||| |||| 00| 0 spa d
040 _aMUNICIPALIDAD PROVINCIAL DEL CUSCO
_cBIBLIOTECA MUNICIPAL DEL CUSCO
082 _a309.185 /
_bES77
100 _aEscobar, Alberto
_91581
245 _aPerú :
_b¿país bilingüe? /
260 _aLima :
_bIEP Ediciones,
_c1975.
300 _a150 páginas ;
_c20 cm.
440 _aPerú Problema.
_n13
_940358
505 _aContenido: Ideología y realidad -- Cultura, sociedad y lengua -- ¿Que significa la oficialización del quechua? -- Tareas y perspectivas -- El reto del Perú bilingue.
650 _aLengua quechua
_97426
650 _aBilingüismo
_97414
650 _aPerú
_935
700 _aMatos Mar, José
_94659
700 _aAlberti, Giorgio (coautores)
_940359
710 _aInstituto de Estudios Peruanos.
_936
942 _2ddc
_cLIBROS
945 _aachl
_d2019-05-16